Online
Catalog

Grupos pedagógicos : (Record no. 29644)

MARC details
000 -CABECERA
campo de control de longitud fija 00556nam a2200157 a 4500
001 - NÚMERO DE CONTROL
campo de control 000030152
005 - FECHA Y HORA DE LA ÚLTIMA TRANSACCIÓN
campo de control 20200930060103.0
008 - DATOS DE LONGITUD FIJA--INFORMACIÓN GENERAL
campo de control de longitud fija 110503s2004 dr a 000 0 spa d
040 ## - FUENTE DE LA CATALOGACIÓN
Centro catalogador/agencia de origen DO-SdBNP
Lengua de catalogación spa
Centro/agencia transcriptor BNPHU
082 ## - NÚMERO DE LA CLASIFICACIÓN DECIMAL DEWEY
Número de clasificación XXX
Número de documento/Ítem L732g
100 1# - ENTRADA PRINCIPAL--NOMBRE DE PERSONA
Nombre de persona Lima, Dinorah de,
9 (RLIN) 56863
245 10 - MENCIÓN DE TÍTULO
Título Grupos pedagógicos :
Resto del título Docentes de primero y segundo. Primer ciclo del nivel básico.
260 ## - PUBLICACIÓN, DISTRIBUCIÓN, ETC.
Lugar de publicación, distribución, etc. Santo Domingo :
Nombre del editor, distribuidor, etc. Secretaría de Estado de Educación,
Fecha de publicación, distribución, etc. [2004?].
300 ## - DESCRIPCIÓN FÍSICA
Extensión 208 p. :
Otras características físicas il. ;
Dimensiones 25 cm.
500 ## - NOTA GENERAL
Nota general Programa Nacional de Lectura, Escrituray Matemáticas
Holdings
Estado de retiro Estado de pérdida No para préstamo Código de colección Localización permanente Ubicación/localización actual Ubicación en estantería Fecha de adquisición Número de inventario Total de préstamos Signatura topográfica completa Código de barras Fecha visto por última vez Precio válido a partir de Tipo de ítem Koha
    Excluido de préstamo Patrimonio Dominicano Patrimonio Dominicano Patrimonio Dominicano Depósito 03.05.2011 LF1   XXX L732g 30152-10 25.06.2020 25.06.2020 Libro y Folleto Colección Patrimonio Dominicano

Powered by Koha